000 00275nam a22001217a 4500
003 OSt
008 250207b |||||||| |||| 00| 0 eng d
041 _aeng
082 _a621.9
_bRAG/WO
100 _aRaghuvanshi, B S
_9682
245 _aWorkshop Technology Volume1
942 _cBK
999 _c19335
_d19335